Alle Torhüter der Bundesliga Teams 25/26 - Statistiken

Allgemein
  • Dieses Quiz wurde 76 mal gespielt
  • Das Durchschnittsergebnis liegt bei 21 aus 31
Antwortstatistiken
Bildquiz Antwort % Korrekt
Manuel Neuer
100%
Gregor Kobel
99%
Alexander Nübel
96%
Jonas Urbig
96%
Mark Flekken
91%
Noah Atubolu
90%
Oliver Baumann
90%
Kauã Santos
87%
Michael Zetterer
85%
Robin Zentner
85%
Péter Gulácsi
81%
Finn Dahmen
79%
Frederik Rönnow
79%
Mio Backhaus
79%
Daniel Heuer Fernandes
75%
Florian Müller
75%
Marvin Schwäbe
74%
Ron-Robert Zieler
72%
Kamil Grabara
71%
Daniel Peretz
68%
Moritz Nicolas
68%
Nikola Vasilj
62%
Diant Ramaj
56%
Daniel Batz
53%
Marius Müller
53%
Fabian Bredlow
50%
Karl Hein
40%
Maarten Vandevoordt
29%
Nedilijko Labrović
25%
Lasse Finn Riess
24%
Ben Voll
18%
Keine übereinstimmenden Quizze gefunden
Verteilung der Resultate
Anzahl Personen mit jedem Resultat
Perzentil nach korrekt beantworteten Fragen
Ihre Resultats-Entwicklung
Sie haben dieses Quiz noch nicht gespielt